| 000 | 01556nam a2200361 c 4500 | ||
|---|---|---|---|
| 003 | BLK | ||
| 005 | 20250722092822.0 | ||
| 008 | 180408b bul|||||r ||||||| ||bul|| | ||
| 010 | _aKNG00073812000 | ||
| 020 |
_a978-954-9994-62-9 _bиздат.: Дилок |
||
| 040 | _aBLK | ||
| 041 |
_aBUL _cBUL |
||
| 080 |
_aОрганизации, асоциации, движения със специални цели и/или области на дейност. Професионални асоциации(Ку-клукс-клан, масони, окултни движения, орден на тамплиерите). _b061.23 _x _z061.23 |
||
| 100 | 1 |
_aХауф, Моника _eпърви автор _9294449 |
|
| 700 | 1 |
_aКоев, Светослав _eпрев. от нем. _9370485 |
|
| 139 |
_aХауф, Моника _bХ 33 |
||
| 245 | 1 | 0 |
_aМитовете около масоните _cМоника Хауф; прев. от нем. Светослав Коев. |
| 257 | _aDEU | ||
| 260 |
_ас. Божурище, Софийско _bДилок _c2007 |
||
| 300 |
_a200 с. _c21 см |
||
| 380 | _a0 | ||
| 500 | _aОриг. загл. Der Mythos der Freimaurer / Monika Hauf. - Библиогр. с. 195-199. | ||
| 504 | _a195-199 | ||
| 650 | 4 |
_aМасонство - история _9247145 |
|
| 653 | _aмасони | ||
| 653 | _aмасонство | ||
| 852 | _aЦб 232999 | ||
| 856 | 4 |
_qpdf _u |
|
| 856 | 4 |
_qpdf _u |
|
| 942 |
_cKNG _n0 _05 |
||
| 944 |
_aCR _c05.04.2007 _k30575 _lМартин Енчев |
||
| 944 |
_aED _c10.11.2010 _k |
||
| 999 |
_c69465 _d69465 |
||